Macroeconomics : (Record no. 3108)

MARC details
000 -LEADER
fixed length control field 01603cam a2200193 a 4500
020 ## - INTERNATIONAL STANDARD BOOK NUMBER
ISBN 9780073273082 (alk. paper)
020 ## - INTERNATIONAL STANDARD BOOK NUMBER
ISBN 0073273082 (alk. paper)
050 00 - CALL NUMBER
Classification number HB172.5
Item number .M3743
100 1# - AUTHOR
Personal name McConnell, Campbell R.
245 10 - TITLE
Title Macroeconomics :
Remainder of title principles, problems, and policies
Statement of responsibility, etc Campbell R. McConnell, Stanley L. Brue.
250 ## - EDITION
Edition statement 17th ed.
260 ## - PUBLICATION INFORMATION
Place of publication Boston :
Name of publisher McGraw-Hill/Irwin,
Year of publication 2008.
300 ## - DESCRIPTION
Number of Pages xxvii, 380, [38] p. :
Other physical details col. ill. ;
Dimensions 26 cm.
500 ## - NOTES
General note Includes index.
505 ## - FORMATTED CONTENTS NOTE
Table of Content Introduction to economics and the economy. Limits, alternatives, and choices ; The market system and the circular flow ; Demand, supply, and market equilibrium ; The U.S. economy : private and public sectors ; The United States in the global economy <br/>Macroeconomic measurement and basic concepts. Measuring domestic output and national income ; Introduction to economic growth and instability ; Basic macroeconomic relationships <br/>Macroeconomic models and fiscal policy. The aggregate expenditures model ; Aggregate demand and aggregate supply ; Fiscal policy, deficits, and debt <br/>Money, banking, and monetary policy. Money and banking ; Money creation ; Interest rates and monetary policy ; Financial economics <br/>Long-run perspectives and macroeconomic debates. Extending the analysis of aggregate supply ; Economic growth ; The economics of developing countries ; Disputes over macro theory and policy <br/>International economics. International trade ; exchange rates, the balance of payments, and trade deficits
650 #0 - SUBJECTS
Topical Term Macroeconomics.
700 1# - OTHER AUTHORS
Personal name Brue, Stanley L.,
942 ## - ADDED ENTRY ELEMENTS (KOHA)
Koha item type Books

No items available.

Copyright © 2026  MUG Library